Grants to students: report (Record no. 414703)

000 -LEADER
fixed length control field 00395cam a22001097a 4500
008 - FIXED-LENGTH DATA ELEMENTS--GENERAL INFORMATION
fixed length control field 180718b1958 xxu||||| |||| 00| 0 eng d
082 ## - DEWEY DECIMAL CLASSIFICATION NUMBER
Classification number P26x42 Un3g
245 ## - TITLE STATEMENT
Title Grants to students: report
Statement of responsibility, etc. by Scottish Education Department, Ministry of Education
260 ## - PUBLICATION, DISTRIBUTION, ETC.
Place of publication, distribution, etc. London
Name of publisher, distributor, etc. Her Majesty's Stationery Office
Date of publication, distribution, etc. 1958
300 ## - PHYSICAL DESCRIPTION
Extent 135p.
700 ## - ADDED ENTRY--PERSONAL NAME
Personal name U.K. Ministry of Education. Scottish Education Department
Holdings
Withdrawn status Lost status Damaged status Not for loan Permanent Location Current Location Date acquired Full call number Barcode Date last seen Price effective from Koha item type
        Indian Institute of Public Administration Indian Institute of Public Administration 2009-02-26 P26x42 Un3g 23410 2018-07-21 2018-07-21 Book

Powered by Koha